Score 0/30 Timer 10:00
0 Plays Today
Hint Answer % Correct
Clown Prince of CrimeJoker
95.7%
Oswald CobblepotPenguin
91.3%
Batman Villain that feeds on VenomBane
91.3%
'Riddle Me This'Riddler
91.3%
Reptilian Suicide Squad MemberKiller Croc
91.3%
Clay MonsterClayface
91.3%
Batman Villain from Alice and the WonderlandMad Hatter
91.3%
Superman Arch NemesisLex Luthor
91.3%
Superman Evil CloneBizarro
91.3%
Daughter of Ra's Al GhulTalia Al Ghul
87%
Batman and Robin Main Female VillainPoison Ivy
87%
Mind Controlling GorillaGorilla Grodd
87%
Fastest Villain AliveReverse Flash
87%
Collector of WorldsBrainiac
82.6%
Cyborg version of SupermanCyborg Superman
82.6%
Hint Answer % Correct
Batman Begins Main VillainScarecrow
78.3%
Man of Steel 2013 Main VillainGeneral Zod
78.3%
Oldest Batman VillainRa's Al Ghul
73.9%
The Dark Knight Side VillainTwo Face
73.9%
Batman and Robin Main VillainMr. Freeze
73.9%
Kirk LangstromMan Bat
73.9%
Batman V Superman Side VillainDoomsday
73.9%
Robot that contains KryptoniteMetallo
73.9%
Flash Arch NemesisCaptain Cold
73.9%
Evil ScientistHugo Strange
65.2%
Superman Villain that absorbs energy from Living SpecimensParasite
65.2%
Bounty HunterLobo
65.2%
Worst DC VillainDarkseid
56.5%
Small, Tricky Superman VillainMr. Mxyzptlk
47.8%
Smart Green Superman VillainsMongul
17.4%
Remove Ads.
Support Sporcle.
Get the best of Sporcle when you Go Orange. This ad-free experience offers more features, more stats, and more fun while also helping to support Sporcle. Thank you for becoming a member.

You're not logged in!

Compare scores with friends on all Sporcle quizzes.
OR
Log In

Sporcle TV

Today on Sporcle TV


Watch our educational content, quiz creation guides, and fun videos on Sporcle TV.

Show Comments

Extras

Created May 17, 2020ReportNominate
Tags:Universe

Top Quizzes Today


Score Distribution

Paid Content

Your Account Isn't Verified!

In order to create a playlist on Sporcle, you need to verify the email address you used during registration. Go to your Sporcle Settings to finish the process.

Report this User

Report this user for behavior that violates our Community Guidelines.

Details: